Ніч перед стартом (Запис № 17286)

000 -Маркер запису
Контрольне поле сталої довжини 01770nam a22002537a 4500
003 - Належність контрольного номера
Контрольне поле Uzh_bibl
008 - Кодовані дані
Контрольне поле сталої довжини 260408b |||||||| |||| 00| 0 ukr d
020 ## - Індекс ISBN
Ціна 1.40
040 ## - Джерело каталогіз.
Служба первин.кат. укр.
041 ## - Код мови видання
Код мови оригіналу українська
Код мови тексту українська
080 ## - Індекс УДК
Індекс УДК 821(477)
090 ## - Шифри
Поличний індекс 821(477)
Авторський знак П 37
100 ## - Автор
Автор Плачинда, Сергій
245 ## - Назва
Назва Ніч перед стартом
Фізичний носій Текст
260 ## - Вихідні дані
Місце видання Київ
Видавництво Дніпро
Дата видання 1982
300 ## - Фізичний опис
Обсяг 352 с.
Тип одиниці В опр.
520 ## - Анотація
Анотація Повість українського радянського письменника «Ніч перед стартом» - про життєвий подвиг творця перших у світі штучних супутників Землі й космічних кораблів – академіка С. П. Корольова.<br/>Про невтомних колгоспних трудівників, які будують в селі фабрику і Суху балку перетворюють у квітучу долину – степову сагу, розповідає автор у романі «Степова сага».
521 ## - Примітка про цільове призначення
Примітка про цільове призначення Для широкого кола читачів
546 ## - Примітка про мову
Примітка про мову укр.
650 ## - Тематичні рубрики
Основна рубрика Літературно-художнє видання
Хронологічна підрубрика 1950–1960-ті роки, період підготовки першого польоту людини в космос
Географічна підрубрика СРСР (зокрема конструкторські бюро, космодром Байконур)
653 ## - Ключові слова
Ключові слова Космос
-- Наука
-- Конструктор
-- Відповідальність
-- Прорив
655 ## - Термін індексування — жанр/форма
Жанр/форма Повість (художньо-біографічна, науково-документальна)
Типове ділення Повість. Роман
942 ## - ADDED ENTRY ELEMENTS (KOHA)
Джерело класифікації чи схема поличного розташування
Koha item type Книги
Фонди
Статус вилучення Статус втрати/відсутності Джерело класифікації чи схема поличного розташування Статус пошкодження Тип обігу (не для випозичання) Постійне розташування Поточне розташування Розташування у відділі Дата надходження Інвентарний номер Total Checkouts Повний (примірниковий) шифр зберігання Штрих-код Date last seen Дата, для якої чинна ціна заміни Тип одиниці (рівень примірника)
          Публічна бібліотека Публічна бібліотека Абонемент 08/04/2026 14985   821(477) 20136 08/04/2026 08/04/2026 Книги

Працює на АБІС Коха